الحماية الدولية لحقوق العمال في ضوء أحكام القانون الدولي : (رقم التسجيلة. 28252)

تفاصيل مارك
000 -الفاتح
حقل البيانات ثابتة الطول 00841nam a2200205 a 4500
003 - محدد رقم الضبط
رقم الضبط OSt
005 - وقت وتاريخ اخر تعامل مع التسجيلة
رقم الضبط 20150408114120.0
008 - عناصر البيانات ثابتة الطول - معلومات عامة
حقل البيانات ثابتة الطول 130224s2013 ua g b 000 0 ara d
020 ## - الرقم الدولى المعيارى للكتب
الرقم الدولى المعيارى للكتاب 9789776223509
040 ## - مصدر الفهرسة
وكالة الفهرسة الأصلية Ma-Un
082 04 - رقم تصنيف ديوى العشرى
رقم التصنيف 341.763
رقم المادة د ع ح
رقم الطبعة 21
100 1# - المدخل الرئيسى - إسم شخصى
9 (RLIN) 21628
الإسم الشخصى الديربي، عبد العال.
245 12 - بيان العنوان
العنوان الحماية الدولية لحقوق العمال في ضوء أحكام القانون الدولي :
بقية العنوان التزامات حقوق الإنسان ... /
بيان المسئوليه,etc عبد العال الديربي.
250 ## - بيان الطبعة
بيان الطبعة ط. 1.
260 ## - PUBLICATION, DISTRIBUTION, ETC. (IMPRINT)
مكان الناشر او الموزع القاهرة :
اسم الناشر او الموزع المركز القومي للإصدارات القانونية،
تاريخ النشر أو التوزيع 2013
-- [1434]
300 2# - الوصف المادى
التعداد 459 ص. ؛
أبعاد الوعاء 24 سم.
504 ## - تبصرة ببليوجرافية
تبصرة ببليوجرافية,الخ ببليوجرافية : ص. 409-444.
650 #7 - المدخل الاضافى بالموضوع-مصطلح موضوعى
مصطلح موضوعي أو اسم جغرافي كعنصر مدخل العمل والعمال (قانون دولي)
مصدر الرأس أو المصطلح aucsh
9 (RLIN) 21822
942 ## - عناصر المدخل الإضافي( كوها)
مصدر التصنيف او مخطط الترفيف Dewey Decimal Classification
Koha [default] item type كتاب
المقتنيات
حالة الفقد نموذج السعر الفعال حالة تلف ليس للاعارة رقم الطلب رقم النسخة تاريخ الاكتساب الموقع الحالي الباركود الفرع الرئيسي Date last seen نوع المادة فى نظام كوها مصدر التصنيف او خطة الترفيف Total Checkouts Date last checked out
  2013-03-26   Not For Loan 341.763 د ع ح 1 2013-03-26 المكتبة المركزية بالمجمعة (CL) 00204525 المكتبة المركزية بالمجمعة (CL) 2013-03-26 كتاب Dewey Decimal Classification    
  2013-03-26     341.763 د ع ح 2 2013-03-26 المكتبة المركزية بالمجمعة (CL) 00204526 المكتبة المركزية بالمجمعة (CL) 2017-05-14 كتاب Dewey Decimal Classification 1 2017-04-10
  2013-03-26     341.763 د ع ح 3 2013-03-26 المكتبة المركزية بالمجمعة (CL) 00204527 المكتبة المركزية بالمجمعة (CL) 2013-03-26 كتاب Dewey Decimal Classification    
  2013-03-24   Not For Loan 341.763 د ع ح 1 2013-03-24 مكتبة مجمع الكليات بالزلفى - طلاب (SZM) 00202925 مكتبة مجمع الكليات بالزلفى - طلاب (SZM) 2013-03-24 كتاب Dewey Decimal Classification    
  2013-03-24     341.763 د ع ح 2 2013-03-24 مكتبة مجمع الكليات بالزلفى - طلاب (SZM) 00202924 مكتبة مجمع الكليات بالزلفى - طلاب (SZM) 2014-12-14 كتاب Dewey Decimal Classification 1 2014-11-30